[Event "Brasil ch 2004 final"]
[Site "São José do Rio Preto"]
[Date "2005.02.16"]
[Round "3.6"]
[White "Galati, Mario Augusto"]
[Black "Caldeira, Adriano"]
[Result "1-0"]
[WhiteElo "2195"]
[BlackElo "2320"]
[PlyCount "49"]
[EventDate "2005.02.14"]
[EventType "swiss"]
[EventRounds "9"]
[EventCountry "BRA"]
[Source "lmi"]
[SourceDate "2005.02.20"]

1. d4 Nf6 2. c4 e6 3. Nf3 b6 4. Nc3 Bb7 5. g3 c5 6. d5 d6 7. e4 e5 8. Be2 Be7
9. Rb1 O-O 10. O-O Ne8 11. b4 Bc8 12. Ne1 g6 13. Nd3 f5 14. f4 Nf6 15. fxe5
Nxe4 16. Nxe4 fxe4 17. exd6 Bxd6 18. Nf4 Qe7 19. Bg4 Na6 20. Ne6 Rxf1+ 21. Qxf1
Nc7 22. Bg5 Qf7 23. Qxf7+ Kxf7 24. bxc5 Be5 25. Rf1+ 1-0

[Event "Brasil ch 2004 final"]
[Site "São José do Rio Preto"]
[Date "2005.02.16"]
[Round "3.7"]
[White "Araujo, Adalberto"]
[Black "Rodrigues da Silva, Alessandro"]
[Result "1/2-1/2"]
[WhiteElo "2258"]
[BlackElo "2204"]
[PlyCount "106"]
[EventDate "2005.02.14"]
[EventType "swiss"]
[EventRounds "9"]
[EventCountry "BRA"]
[Source "lmi"]
[SourceDate "2005.02.20"]

1. e4 c5 2. Nf3 d6 3. d4 cxd4 4. Nxd4 Nf6 5. f3 Nc6 6. c4 Nxd4 7. Qxd4 g6 8.
Nc3 Bg7 9. Bg5 O-O 10. Qd2 Be6 11. Rc1 Qa5 12. Be2 Rfc8 13. b3 a6 14. Nd5 Qxd2+
15. Kxd2 Bxd5 16. cxd5 Kf8 17. Rxc8+ Rxc8 18. Rc1 Rxc1 19. Kxc1 Ke8 20. b4 Kd8
21. Kc2 Nd7 22. Be3 Kc7 23. Kb3 h5 24. a4 Be5 25. f4 Bg7 26. a5 Nf6 27. Bd4 Bh6
28. Bxf6 exf6 29. g3 h4 30. b5 axb5 31. Bxb5 hxg3 32. hxg3 Kd8 33. Ka4 g5 34.
f5 g4 35. Be2 Be3 36. Bxg4 Bf2 37. Bh5 Bxg3 38. Bxf7 Kc7 39. Kb5 Be5 40. Be8
Bc3 41. Bh5 Be5 42. Bf3 Bf4 43. Bg2 Be5 44. Kc4 Bg3 45. Bf3 Be5 46. Bd1 Bg3 47.
Ba4 Be1 48. Kb5 Bc3 49. Bd1 Be5 50. Bf3 Bf4 51. Bg2 Be5 52. Bh3 Bf4 53. Bg4 Be5
1/2-1/2

[Event "Brasil ch 2004 final"]
[Site "São José do Rio Preto"]
[Date "2005.02.16"]
[Round "3.8"]
[White "Bil, Angelo"]
[Black "Calheiros de Miranda Jr, Roberto"]
[Result "0-1"]
[WhiteElo "2135"]
[BlackElo "2208"]
[PlyCount "108"]
[EventDate "2005.02.14"]
[EventType "swiss"]
[EventRounds "9"]
[EventCountry "BRA"]
[Source "lmi"]
[SourceDate "2005.02.20"]

1. e4 c5 2. Nf3 Nc6 3. d4 cxd4 4. Nxd4 Qc7 5. Nc3 e6 6. Be3 Nf6 7. Qd2 Bb4 8.
f3 d5 9. a3 Qa5 10. Nb3 Bxc3 11. Nxa5 Bxd2+ 12. Bxd2 Nxa5 13. Bxa5 dxe4 14.
fxe4 Nxe4 15. Bd3 Nc5 16. Be2 b6 17. Bc3 O-O 18. Rd1 Bb7 19. Bd4 Rad8 20. O-O
Ba6 21. c4 Nb3 22. Be5 Na5 23. Bd6 Rfe8 24. Rf4 e5 25. Re4 f6 26. b4 Nb7 27. c5
Bxe2 28. Rxe2 bxc5 29. Red2 Nxd6 30. Rxd6 Rxd6 31. Rxd6 cxb4 32. axb4 Rb8 33.
Rd7 a6 34. Rd6 Rxb4 35. Rxa6 Rb2 36. Ra7 h6 37. h3 Kh7 38. Kh2 Kg6 39. Kg3 Rb6
40. Re7 h5 41. Kf3 Rb3+ 42. Kf2 h4 43. Ra7 Rg3 44. Ra4 Kg5 45. Ra7 g6 46. Ra4
f5 47. Ra5 e4 48. Ra2 Rd3 49. Rb2 Kf4 50. Rb4 Rd2+ 51. Kf1 Kg3 52. Rb6 Rf2+ 53.
Ke1 Rxg2 54. Rxg6+ Kxh3 0-1

[Event "Brasil ch 2004 final"]
[Site "São José do Rio Preto"]
[Date "2005.02.16"]
[Round "3.10"]
[White "Macedo, Maximo Iack"]
[Black "Marra, Eduardo da Costa"]
[Result "0-1"]
[WhiteElo "2094"]
[BlackElo "2261"]
[PlyCount "98"]
[EventDate "2005.02.14"]
[EventType "swiss"]
[EventRounds "9"]
[EventCountry "BRA"]
[Source "lmi"]
[SourceDate "2005.02.20"]

1. d4 g6 2. Nf3 Bg7 3. Bf4 d6 4. e3 Nd7 5. h3 Ngf6 6. Be2 O-O 7. O-O b6 8. c4
e6 9. Nc3 Bb7 10. Rc1 Ne4 11. Nxe4 Bxe4 12. Nd2 Bb7 13. Bf3 Bxf3 14. Nxf3 Qe7
15. b4 a5 16. a3 axb4 17. axb4 e5 18. Bh2 e4 19. Nd2 f5 20. Nb1 Qf7 21. Nc3 Nf6
22. Nb5 Nh5 23. c5 dxc5 24. bxc5 f4 25. cxb6 cxb6 26. Rc7 Qd5 27. Rxg7+ Kxg7
28. Nc7 Qf5 29. Nxa8 Rxa8 30. Qg4 b5 31. Bxf4 Nxf4 32. Qxf4 Qxf4 33. exf4 b4
34. Rb1 Rb8 35. Kf1 Kf6 36. Ke2 Ke6 37. g4 Kd5 38. Ke3 b3 39. f5 gxf5 40. gxf5
b2 41. Kf4 Rb3 42. Kg5 Rb7 43. f6 Kxd4 44. f7 Rxf7 45. Rxb2 Rf3 46. h4 Rh3 47.
h5 Rh2 48. Re2 Kd3 49. Ra2 Rh1 0-1

[Event "Brasil ch 2004 final"]
[Site "São José do Rio Preto"]
[Date "2005.02.16"]
[Round "3.11"]
[White "Name, Gabriel Ricardo S"]
[Black "Coelho, Luis"]
[Result "0-1"]
[WhiteElo "2198"]
[BlackElo "2381"]
[PlyCount "130"]
[EventDate "2005.02.14"]
[EventType "swiss"]
[EventRounds "9"]
[EventCountry "BRA"]
[Source "lmi"]
[SourceDate "2005.02.20"]

1. Nf3 Nf6 2. d4 e6 3. Bg5 h6 4. Bh4 c5 5. e3 b6 6. Nbd2 Be7 7. a4 Nc6 8. c3
Bb7 9. Bd3 O-O 10. O-O Rc8 11. Qe2 Rc7 12. Bg3 d6 13. h3 Nd7 14. Nc4 Nf6 15.
dxc5 bxc5 16. Rfd1 Rd7 17. Na3 d5 18. Ne5 Nxe5 19. Bxe5 Qa8 20. f3 a6 21. Bb1
Rdd8 22. Qc2 g6 23. b4 Nd7 24. Bf4 Kg7 25. b5 a5 26. Qc1 e5 27. Bg3 Bf6 28. f4
e4 29. Be1 Nb6 30. Nc2 h5 31. Ra2 h4 32. Na1 Nc4 33. Nb3 Qc8 34. Bf2 g5 35. Nd2
Nd6 36. fxg5 Bxg5 37. Nb3 Nc4 38. Re2 Qc7 39. Nd2 Nb6 40. Bc2 c4 41. Kh1 Qe5
42. Nb1 Nd7 43. Rg1 Rh8 44. Qf1 Bc8 45. g3 Kf8 46. gxh4 Bxh4 47. Bxh4 Rxh4 48.
Rf2 Qe6 49. Rg3 Ke7 50. Bd1 Ne5 51. Rf4 Rh7 52. Rf2 Rdh8 53. Rh2 f5 54. Na3 Qd6
55. Nc2 Ng4 56. Rhg2 Rxh3+ 57. Rxh3 Rxh3+ 58. Kg1 Qh6 59. Bxg4 Rh1+ 60. Kf2
Rxf1+ 61. Kxf1 fxg4 62. Kg1 Qh3 63. Kf2 Qf3+ 64. Kg1 g3 65. Rd2 Bh3 0-1

[Event "Brasil ch 2004 final"]
[Site "São José do Rio Preto"]
[Date "2005.02.16"]
[Round "3.12"]
[White "Chemin, Vitorio"]
[Black "Di Berardino, Diego Rafael"]
[Result "1-0"]
[WhiteElo "2363"]
[BlackElo "2358"]
[PlyCount "105"]
[EventDate "2005.02.14"]
[EventType "swiss"]
[EventRounds "9"]
[EventCountry "BRA"]
[Source "lmi"]
[SourceDate "2005.02.20"]

1. d4 Nf6 2. Nf3 g6 3. Bf4 Bg7 4. e3 O-O 5. Be2 d6 6. O-O Nbd7 7. h3 c6 8. c4
a6 9. a4 a5 10. Nc3 Qe8 11. Bh2 b6 12. e4 e5 13. dxe5 dxe5 14. Qc2 Qe7 15. Rfd1
Ne8 16. Rab1 Nc7 17. Qd2 Re8 18. Qd6 Qxd6 19. Rxd6 Re6 20. Rbd1 Rxd6 21. Rxd6
Ne8 22. Rd1 f6 23. Ne1 Kf7 24. f4 exf4 25. Bxf4 Nc5 26. Nf3 Bf8 27. e5 f5 28.
Be3 Ne6 29. Ng5+ Nxg5 30. Bxg5 Bc5+ 31. Kh2 Be6 32. g4 Ng7 33. Kg3 Ra7 34. Rd8
Rd7 35. Rh8 Bd4 36. Bf6 Ne8 37. Rxh7+ Kg8 38. Rh8+ Kf7 39. g5 Nxf6 40. exf6
Be5+ 41. Kf3 Rd2 42. Rh7+ Kf8 43. Re7 Rd6 44. Nd1 Bd4 45. h4 Bf7 46. Rc7 Bc5
47. Rc8+ Be8 48. h5 gxh5 49. Kf4 Rd4+ 50. Kxf5 Rh4 51. g6 Bd6 52. g7+ Kf7 53.
Rxe8 1-0

[Event "Brasil ch 2004 final"]
[Site "São José do Rio Preto"]
[Date "2005.02.16"]
[Round "3.13"]
[White "Araujo, Alcides Alexandre"]
[Black "Matsuura, Frederico"]
[Result "0-1"]
[WhiteElo "2175"]
[BlackElo "2280"]
[PlyCount "90"]
[EventDate "2005.02.14"]
[EventType "swiss"]
[EventRounds "9"]
[EventCountry "BRA"]
[Source "lmi"]
[SourceDate "2005.02.20"]

1. e4 e6 2. d4 d5 3. Nc3 Bb4 4. exd5 Qxd5 5. Nf3 Nf6 6. a3 Bxc3+ 7. bxc3 c5 8.
Be2 O-O 9. O-O Nc6 10. c4 Qd7 11. c3 Rd8 12. Be3 Ng4 13. Qc2 Nxe3 14. fxe3 Qe7
15. Bd3 h6 16. Bh7+ Kh8 17. Be4 Bd7 18. Bxc6 Bxc6 19. Ne5 Be8 20. Qf2 f6 21.
Qh4 Rac8 22. Rf2 Rc7 23. Ng4 Bg6 24. Rd2 cxd4 25. cxd4 Bf5 26. Nf2 Rxc4 27. e4
Rcxd4 28. Rc2 Bg6 29. Qg3 Bxe4 30. Rc7 R8d7 31. Rc8+ Kh7 32. Re1 Bc6 33. Qh3 f5
34. Qe3 Be4 35. Qb3 Bd5 36. Qc3 Qg5 37. g3 Qd2 38. Qa1 Re4 39. Rd1 Qe2 40. Rc3
Re3 41. Rxe3 Qxe3 42. Rd3 Qb6 43. Qd1 Rc7 44. Rd4 Qb2 45. Rb4 Qxa3 0-1

[Event "Brasil ch 2004 final"]
[Site "São José do Rio Preto"]
[Date "2005.02.16"]
[Round "3.14"]
[White "Tasoko, Toshinobo"]
[Black "De Paula, Guilherme"]
[Result "0-1"]
[WhiteElo "1935"]
[BlackElo "2135"]
[PlyCount "90"]
[EventDate "2005.02.14"]
[EventType "swiss"]
[EventRounds "9"]
[EventCountry "BRA"]
[Source "lmi"]
[SourceDate "2005.02.20"]

1. e4 c5 2. Nf3 Nc6 3. d4 cxd4 4. Nxd4 Qb6 5. Nb3 Nf6 6. Nc3 e6 7. Be3 Qc7 8.
f3 Bb4 9. a3 Bxc3+ 10. bxc3 d5 11. Bd3 dxe4 12. fxe4 Qe5 13. O-O Qxc3 14. Bd2
Qe5 15. Bf4 Qh5 16. Be2 Qg6 17. Bd6 e5 18. Bc4 Bg4 19. Qe1 O-O-O 20. Bb4 Rhe8
21. Bd3 Nh5 22. Bd2 Bh3 23. Rf2 Nf4 24. Bxf4 exf4 25. Kh1 Be6 26. Nc5 Qh5 27.
Qc3 Qe5 28. Qxe5 Nxe5 29. Rxf4 b6 30. Ba6+ Kc7 31. Nd3 Ng6 32. Rf2 Rd4 33. Re1
Bd7 34. Rxf7 Re7 35. Rxe7 Nxe7 36. Kg1 Ra4 37. Nb4 Rxa3 38. Bd3 h6 39. e5 a5
40. Na6+ Kb7 41. Bf1 Rc3 42. Rb1 b5 43. e6 Bc6 44. Rd1 Kxa6 45. Rd7 Bxd7 0-1

[Event "Brasil ch 2004 final"]
[Site "São José do Rio Preto"]
[Date "2005.02.16"]
[Round "4.1"]
[White "Leitão, Rafael"]
[Black "Lima, Darcy"]
[Result "1/2-1/2"]
[WhiteElo "2580"]
[BlackElo "2529"]
[PlyCount "52"]
[EventDate "2005.02.14"]
[EventType "swiss"]
[EventRounds "9"]
[EventCountry "BRA"]
[Source "lmi"]
[SourceDate "2005.02.20"]

1. d4 Nf6 2. c4 e6 3. Nf3 d5 4. Nc3 c5 5. cxd5 Nxd5 6. e4 Nxc3 7. bxc3 Qc7 8.
Rb1 Be7 9. Bd3 O-O 10. O-O Rd8 11. Qe2 Nd7 12. e5 Nf8 13. Qe4 Rb8 14. Ng5 Bd7
15. Qg4 cxd4 16. cxd4 Bc6 17. Rb3 Bd5 18. Bxh7+ Nxh7 19. Nxh7 Bxb3 20. Nf6+ Kf8
21. Qh4 Bxf6 22. exf6 gxf6 23. axb3 Qd6 24. Qxf6 Qxd4 25. Qf3 Qd3 26. Qf6 Qd4
1/2-1/2

[Event "Brasil ch 2004 final"]
[Site "São José do Rio Preto"]
[Date "2005.02.16"]
[Round "4.2"]
[White "Fier, Alexandr"]
[Black "Milos, Gilberto"]
[Result "0-1"]
[WhiteElo "2489"]
[BlackElo "2598"]
[PlyCount "64"]
[EventDate "2005.02.14"]
[EventType "swiss"]
[EventRounds "9"]
[EventCountry "BRA"]
[Source "lmi"]
[SourceDate "2005.02.20"]

1. e4 c5 2. Nf3 e6 3. d4 cxd4 4. Nxd4 Nf6 5. Nc3 d6 6. g4 h6 7. h4 Nc6 8. Rg1
d5 9. Nxc6 bxc6 10. g5 hxg5 11. Bxg5 Qa5 12. Bxf6 gxf6 13. exd5 Ba3 14. Qc1
cxd5 15. Rg3 Bd6 16. Qe3 Bxg3 17. Qxg3 Ke7 18. O-O-O Bb7 19. Ne4 dxe4 20. Qd6+
Ke8 21. Qd7+ Kf8 22. Qxb7 Rd8 23. Rxd8+ Qxd8 24. Qxe4 f5 25. Qb4+ Kg8 26. Bd3
Rxh4 27. Qb7 Qd4 28. Qa8+ Kh7 29. Qg2 Qf4+ 30. Kd1 Rh2 31. Qb7 Kg7 32. Qxa7
Rxf2 0-1

[Event "Brasil ch 2004 final"]
[Site "São José do Rio Preto"]
[Date "2005.02.16"]
[Round "4.3"]
[White "Galati, Mario Augusto"]
[Black "Matsuura, Everaldo"]
[Result "0-1"]
[WhiteElo "2195"]
[BlackElo "2462"]
[PlyCount "62"]
[EventDate "2005.02.14"]
[EventType "swiss"]
[EventRounds "9"]
[EventCountry "BRA"]
[Source "lmi"]
[SourceDate "2005.02.20"]

1. d4 d5 2. c4 c6 3. Nf3 Nf6 4. e3 e6 5. Nbd2 c5 6. cxd5 exd5 7. Bb5+ Nc6 8.
Ne5 Qc7 9. Qa4 Bd7 10. Nxd7 Nxd7 11. O-O Bd6 12. Nf3 O-O 13. Bxc6 bxc6 14. dxc5
Nxc5 15. Qc2 Rfe8 16. b3 Re6 17. Ba3 Ne4 18. Bxd6 Qxd6 19. Rac1 Rh6 20. Rfd1 g5
21. h3 Rf6 22. Rd4 Qe6 23. Rf1 Re8 24. Qe2 g4 25. Nd2 gxh3 26. g3 h2+ 27. Kh1
Rxf2 28. Rxf2 Nxg3+ 29. Kxh2 Nxe2 30. Rxe2 Qe5+ 31. Kg1 Qxd4 0-1

[Event "Brasil ch 2004 final"]
[Site "São José do Rio Preto"]
[Date "2005.02.16"]
[Round "4.5"]
[White "Calheiros de Miranda Jr, Roberto"]
[Black "Van Riemsdijk, Herman Claudius"]
[Result "0-1"]
[WhiteElo "2208"]
[BlackElo "2409"]
[PlyCount "82"]
[EventDate "2005.02.14"]
[EventType "swiss"]
[EventRounds "9"]
[EventCountry "BRA"]
[Source "lmi"]
[SourceDate "2005.02.20"]

1. d4 Nf6 2. Nf3 c5 3. c3 g6 4. dxc5 Bg7 5. Bf4 Nc6 6. Nbd2 Nh5 7. Be3 f5 8.
Nc4 f4 9. Bc1 b6 10. Qd5 Bb7 11. Ng5 Qc7 12. Qf7+ Kd8 13. cxb6 axb6 14. Qd5 Nd4
15. Nf7+ Kc8 16. Nxb6+ Qxb6 17. Qc4+ Qc6 18. Qxc6+ Nxc6 19. Nxh8 Bxh8 20. e3
Na5 21. Bd3 Nb3 22. Rb1 Nxc1 23. Rxc1 Rxa2 24. Rb1 Bxg2 25. Rg1 Bc6 26. Rg4 Bf6
27. e4 Be5 28. f3 Nf6 29. Rg5 d6 30. Bc4 Ra4 31. Bb3 Ra5 32. Rg1 Kd7 33. Bc2 d5
34. Rd1 Kc7 35. exd5 Nxd5 36. Kf2 Ne3 37. Rd2 Bf6 38. Bd3 Rh5 39. Rh1 Bh4+ 40.
Ke2 Rg5 41. Be4 Bb5+ 0-1

[Event "Brasil ch 2004 final"]
[Site "São José do Rio Preto"]
[Date "2005.02.16"]
[Round "4.7"]
[White "Coelho, Luis"]
[Black "Araujo, Adalberto"]
[Result "1-0"]
[WhiteElo "2381"]
[BlackElo "2258"]
[PlyCount "75"]
[EventDate "2005.02.14"]
[EventType "swiss"]
[EventRounds "9"]
[EventCountry "BRA"]
[Source "lmi"]
[SourceDate "2005.02.20"]

1. e4 e5 2. Nf3 Nc6 3. Bb5 a6 4. Ba4 Nf6 5. O-O Be7 6. Re1 b5 7. Bb3 d6 8. c3
O-O 9. h3 Na5 10. Bc2 c5 11. d4 Qc7 12. Nbd2 cxd4 13. cxd4 Rd8 14. b3 Nc6 15.
Bb2 Nxd4 16. Nxd4 exd4 17. Rc1 Qb7 18. Bxd4 Be6 19. Nf1 Rac8 20. Ng3 Rc7 21.
Bb1 Rcd7 22. Qc2 g6 23. Nf5 Bxf5 24. exf5 Ne8 25. Qd2 Bf8 26. h4 Ng7 27. h5
Nxh5 28. f6 Rc7 29. Rxc7 Qxc7 30. g4 Qd7 31. f3 d5 32. gxh5 Qh3 33. Qg2 Qxh5
34. Qg4 Qh6 35. Be3 Qh5 36. Qxh5 gxh5 37. Bd4 h4 38. Re5 1-0

[Event "Brasil ch 2004 final"]
[Site "São José do Rio Preto"]
[Date "2005.02.16"]
[Round "4.9"]
[White "De Paula, Guilherme"]
[Black "Chemin, Vitorio"]
[Result "0-1"]
[WhiteElo "2135"]
[BlackElo "2363"]
[PlyCount "30"]
[EventDate "2005.02.14"]
[EventType "swiss"]
[EventRounds "9"]
[EventCountry "BRA"]
[Source "lmi"]
[SourceDate "2005.02.20"]

1. e4 c5 2. Nf3 Nc6 3. c3 e5 4. Bc4 Nf6 5. Ng5 d5 6. exd5 Nxd5 7. d4 cxd4 8.
O-O Be7 9. Nxf7 Kxf7 10. Qf3+ Ke6 11. cxd4 b5 12. Bxb5 Nxd4 13. Qh3+ Kf7 14.
Qh5+ g6 15. Qxe5 Bf6 0-1

[Event "Brasil ch 2004 final"]
[Site "São José do Rio Preto"]
[Date "2005.02.16"]
[Round "4.10"]
[White "El Debs, Felipe de Cresce"]
[Black "Araujo, Alcides Alexandre"]
[Result "1/2-1/2"]
[WhiteElo "2351"]
[BlackElo "2175"]
[PlyCount "148"]
[EventDate "2005.02.14"]
[EventType "swiss"]
[EventRounds "9"]
[EventCountry "BRA"]
[Source "lmi"]
[SourceDate "2005.02.20"]

1. e4 c5 2. Nc3 e6 3. g3 d5 4. exd5 exd5 5. Bg2 Nf6 6. Nge2 d4 7. Ne4 Nxe4 8.
Bxe4 Bd6 9. O-O O-O 10. d3 Nd7 11. Bg2 Re8 12. Nf4 Ne5 13. h3 Ng6 14. Nh5 Qc7
15. f4 f5 16. Bd5+ Kh8 17. Bd2 Ne7 18. Bf3 Rf8 19. g4 g6 20. Ng3 fxg4 21. hxg4
Bxf4 22. Bxf4 Rxf4 23. Kg2 Bd7 24. Qe2 Nc6 25. Rae1 Re8 26. Qd2 Ref8 27. Bd1
Rxf1 28. Rxf1 Rxf1 29. Nxf1 Ne5 30. Qf4 Bc6+ 31. Kh3 Qe7 32. Ng3 Kg7 33. Ne4
Nf7 34. Bf3 Qe5 35. Kg3 Bxe4 36. Bxe4 b6 37. Qxe5+ Nxe5 38. Kf4 Kf6 39. g5+ Ke6
40. Bb7 Nf7 41. Bc8+ Kd6 42. Ba6 h6 43. gxh6 Nxh6 44. Kg5 Nf5 45. Kxg6 Ne3 46.
Kg5 Nxc2 47. Kf4 Ne3 48. Kf3 Nd1 49. b3 Nc3 50. a4 Kc6 51. Bc4 b5 52. axb5+
Nxb5 53. Ke2 Nd6 54. Be6 Kb5 55. Kd2 Kb4 56. Kc2 Ka3 57. Bd5 Nb5 58. Bc4 Nc3
59. Bg8 Na2 60. Bc4 Nb4+ 61. Kb1 a6 62. Ka1 Nc6 63. Kb1 Na5 64. Bxa6 Kxb3 65.
Kc1 Kc3 66. Kd1 Nc6 67. Ke2 Na5 68. Kf3 Nc6 69. Ke2 Nb4 70. Bb5 Nxd3 71. Bxd3
c4 72. Bb1 d3+ 73. Ke3 d2 74. Ke2 Kb2 1/2-1/2

[Event "Brasil ch 2004 final"]
[Site "São José do Rio Preto"]
[Date "2005.02.16"]
[Round "4.14"]
[White "Macedo, Maximo Iack"]
[Black "Tasoko, Toshinobo"]
[Result "1-0"]
[WhiteElo "2094"]
[BlackElo "1935"]
[PlyCount "71"]
[EventDate "2005.02.14"]
[EventType "swiss"]
[EventRounds "9"]
[EventCountry "BRA"]
[Source "lmi"]
[SourceDate "2005.02.20"]

1. d4 Nf6 2. Nf3 e6 3. Bf4 b6 4. e3 c5 5. c3 Bb7 6. Nbd2 Be7 7. h3 O-O 8. Be2
Nd5 9. Bh2 cxd4 10. exd4 Nc6 11. O-O g5 12. Re1 f5 13. Ne5 Nf6 14. Bf3 Qc8 15.
Nxc6 Bxc6 16. Bxc6 Qxc6 17. Nf3 Ne8 18. d5 Qb5 19. dxe6 d6 20. Nd4 Qc5 21. Qf3
Ng7 22. Nc6 Rae8 23. b4 Qc4 24. Nxe7+ Rxe7 25. Bxd6 g4 26. Qe2 Qxe2 27. Rxe2
Rxe6 28. Rxe6 Nxe6 29. Bxf8 Nxf8 30. hxg4 fxg4 31. c4 Kf7 32. Rd1 Ke6 33. c5
bxc5 34. bxc5 Nd7 35. c6 Nb6 36. c7 1-0

[Event "Brasil ch 2004 final"]
[Site "São José do Rio Preto"]
[Date "2005.02.17"]
[Round "5.3"]
[White "Van Riemsdijk, Herman Claudius"]
[Black "Limp, Eduardo"]
[Result "0-1"]
[WhiteElo "2409"]
[BlackElo "2445"]
[PlyCount "84"]
[EventDate "2005.02.14"]
[EventType "swiss"]
[EventRounds "9"]
[EventCountry "BRA"]
[Source "lmi"]
[SourceDate "2005.02.20"]

1. e4 c5 2. Nf3 b6 3. d4 cxd4 4. Nxd4 Bb7 5. Nc3 Nf6 6. Bg5 e6 7. Ndb5 d6 8.
Bf4 e5 9. Bg5 a6 10. Bxf6 gxf6 11. Na3 b5 12. Nd5 Nd7 13. c3 Nb6 14. Nxb6 Qxb6
15. Qf3 d5 16. exd5 Bxa3 17. bxa3 Qc5 18. Rd1 O-O-O 19. c4 bxc4 20. Qg4+ Kb8
21. Qxc4 Qxa3 22. Bd3 Rxd5 23. O-O Rc8 24. Qb3 Qxb3 25. axb3 Rcd8 26. Bc2 Rxd1
27. Rxd1 Rxd1+ 28. Bxd1 a5 29. Kf1 Kc7 30. g3 Kd6 31. Ke2 Kc5 32. Kd3 Kb4 33.
Kc2 Bd5 34. Kb2 h6 35. h4 f5 36. Bc2 f4 37. gxf4 exf4 38. Bd1 f6 39. Bc2 f3 40.
Bd1 Be4 41. Bc2 Bxc2 42. Kxc2 Ka3 0-1

[Event "Brasil ch 2004 final"]
[Site "São José do Rio Preto"]
[Date "2005.02.17"]
[Round "5.7"]
[White "Rodrigues da Silva, Alessandro"]
[Black "Caldeira, Adriano"]
[Result "0-1"]
[WhiteElo "2204"]
[BlackElo "2320"]
[PlyCount "60"]
[EventDate "2005.02.14"]
[EventType "swiss"]
[EventRounds "9"]
[EventCountry "BRA"]
[Source "lmi"]
[SourceDate "2005.02.20"]

1. e4 c5 2. Nf3 e6 3. c3 Nf6 4. Qc2 d5 5. exd5 Qxd5 6. Na3 Nc6 7. d4 Be7 8. Nb5
Qd8 9. Bf4 Nd5 10. Bg3 a6 11. Na3 cxd4 12. c4 Qa5+ 13. Nd2 Ne3 14. fxe3 dxe3
15. Bf4 exd2+ 16. Bxd2 Qe5+ 17. Be2 Bxa3 18. Bc3 Bb4 19. O-O-O Bxc3 20. bxc3
O-O 21. Bd3 f5 22. Kb1 Qc7 23. g4 Ne5 24. gxf5 Nxd3 25. Qxd3 exf5 26. Qd5+ Kh8
27. Rhe1 f4 28. Re5 Bg4 29. Rde1 f3 30. Qd4 f2 0-1

[Event "Brasil ch 2004 final"]
[Site "São José do Rio Preto"]
[Date "2005.02.17"]
[Round "5.10"]
[White "Araujo, Alcides Alexandre"]
[Black "Di Berardino, Diego Rafael"]
[Result "0-1"]
[WhiteElo "2175"]
[BlackElo "2358"]
[PlyCount "68"]
[EventDate "2005.02.14"]
[EventType "swiss"]
[EventRounds "9"]
[EventCountry "BRA"]
[Source "lmi"]
[SourceDate "2005.02.20"]

1. e4 c5 2. Nf3 e6 3. d4 cxd4 4. Nxd4 Nf6 5. Nc3 Nc6 6. Nxc6 bxc6 7. e5 Nd5 8.
Ne4 f5 9. exf6 Nxf6 10. Nd6+ Bxd6 11. Qxd6 Ba6 12. Be3 Bxf1 13. Rxf1 Qa5+ 14.
c3 Kf7 15. Bd4 e5 16. Bxe5 Rhe8 17. f4 Re6 18. b4 Qa6 19. Qd4 d6 20. O-O-O c5
21. Qe3 dxe5 22. fxe5 Rae8 23. Rxf6+ Rxf6 24. Qxc5 Rfe6 25. Qf2+ Kg8 26. Rd7
Rf8 27. Qxa7 Qf1+ 28. Kb2 Qxg2+ 29. Kb3 Rxe5 30. Qc7 Re2 31. a4 Rb2+ 32. Ka3
Rb1 33. Qc4+ Kh8 34. Qa2 Qg1 0-1

[Event "Brasil ch 2004 final"]
[Site "São José do Rio Preto"]
[Date "2005.02.17"]
[Round "5.12"]
[White "Capatti, Eduardo"]
[Black "De Paula, Guilherme"]
[Result "1-0"]
[WhiteElo "2162"]
[BlackElo "2135"]
[PlyCount "83"]
[EventDate "2005.02.14"]
[EventType "swiss"]
[EventRounds "9"]
[EventCountry "BRA"]
[Source "lmi"]
[SourceDate "2005.02.20"]

1. d4 f5 2. Nf3 Nf6 3. b3 g6 4. Bb2 Bg7 5. c4 c5 6. e3 O-O 7. Be2 Ne4 8. O-O
Qa5 9. Qc2 Nc6 10. a3 d6 11. Nc3 cxd4 12. Nxe4 fxe4 13. Nxd4 Nxd4 14. Bxd4 Bxd4
15. exd4 Qf5 16. Rae1 e6 17. f3 exf3 18. Qxf5 Rxf5 19. Bxf3 Rf4 20. Re4 Rxe4
21. Bxe4 Bd7 22. c5 dxc5 23. dxc5 Rc8 24. Rc1 Rc7 25. b4 Kf7 26. Kf2 Kf6 27.
Ke3 Ke5 28. Bf3 Ba4 29. Rc4 Bb5 30. Re4+ Kf6 31. Rd4 Ke5 32. Rd6 Ba4 33. Rd4 b6
34. Re4+ Kf6 35. c6 b5 36. Rd4 Ke7 37. Kf4 Bb3 38. Ke5 g5 39. g3 Bd5 40. Bxd5
exd5 41. Kxd5 Rc8 42. Kc5 1-0

[Event "Brasil ch 2004 final"]
[Site "São José do Rio Preto"]
[Date "2005.02.17"]
[Round "5.13"]
[White "Bil, Angelo"]
[Black "Macedo, Maximo Iack"]
[Result "1-0"]
[WhiteElo "2135"]
[BlackElo "2094"]
[PlyCount "65"]
[EventDate "2005.02.14"]
[EventType "swiss"]
[EventRounds "9"]
[EventCountry "BRA"]
[Source "lmi"]
[SourceDate "2005.02.20"]

1. e4 e6 2. d4 d5 3. Nd2 c5 4. exd5 Qxd5 5. Ngf3 cxd4 6. Bc4 Qd6 7. Qe2 Nf6 8.
Nb3 Nc6 9. Bg5 Be7 10. O-O-O a6 11. Nbxd4 Nxd4 12. Rxd4 Qc5 13. Rhd1 b5 14. Bb3
O-O 15. Ne5 a5 16. a3 a4 17. Ba2 Rb8 18. Bf4 Qb6 19. c3 Ba6 20. Qf3 Bb7 21. Qh3
Rbd8 22. Bb1 Rxd4 23. Rxd4 Rd8 24. Nd7 Qa5 25. Nxf6+ Bxf6 26. Qxh7+ Kf8 27.
Bd6+ Rxd6 28. Rxd6 Bxg2 29. Bc2 Ke8 30. Qd3 Qc7 31. Ra6 Bb7 32. Ra7 Bg5+ 33.
Kb1 1-0

[Event "Brasil ch 2004 final"]
[Site "São José do Rio Preto"]
[Date "2005.02.17"]
[Round "5.14"]
[White "Name, Gabriel Ricardo S"]
[Black "Tasoko, Toshinobo"]
[Result "1-0"]
[WhiteElo "2198"]
[BlackElo "1935"]
[PlyCount "64"]
[EventDate "2005.02.14"]
[EventType "swiss"]
[EventRounds "9"]
[EventCountry "BRA"]
[Source "lmi"]
[SourceDate "2005.02.20"]

1. d4 Nf6 2. Nf3 c5 3. d5 d6 4. c4 b5 5. cxb5 a6 6. e3 g6 7. Nc3 Bg7 8. h3 O-O
9. a4 a5 10. Be2 Nbd7 11. O-O Nb6 12. e4 Ne8 13. Bg5 h6 14. Be3 f5 15. exf5
Bxf5 16. Nh4 g5 17. Nxf5 Rxf5 18. Qd2 Nc7 19. Qc2 Qf8 20. Bg4 Re5 21. Rad1 Qf7
22. Bd2 Rxd5 23. Nxd5 Nbxd5 24. Bf3 Ra7 25. Rfe1 e6 26. b3 Nb4 27. Bxb4 cxb4
28. Rxd6 Nd5 29. Rdxe6 Nf6 30. Re8+ Bf8 31. Qc4 Qxc4 32. bxc4 Kg7 1-0

[Event "Brasil ch 2004 final"]
[Site "São José do Rio Preto"]
[Date "2005.02.17"]
[Round "6.3"]
[White "Coelho, Luis"]
[Black "Matsuura, Frederico"]
[Result "1/2-1/2"]
[WhiteElo "2381"]
[BlackElo "2280"]
[PlyCount "65"]
[EventDate "2005.02.14"]
[EventType "swiss"]
[EventRounds "9"]
[EventCountry "BRA"]
[Source "lmi"]
[SourceDate "2005.02.20"]

1. e4 e6 2. d4 d5 3. Nc3 Bb4 4. e5 c5 5. a3 Bxc3+ 6. bxc3 Ne7 7. Qg4 Kf8 8. Bd2
Bd7 9. h4 Qc7 10. Rh3 cxd4 11. cxd4 Qxc2 12. Bd3 Qa4 13. h5 Nbc6 14. h6 g6 15.
Nf3 Rc8 16. Qf4 Ke8 17. g4 Kd8 18. Kf1 Kc7 19. Kg2 Kb8 20. Rhh1 g5 21. Nxg5 Ng6
22. Bxg6 fxg6 23. Bc3 Rcf8 24. Qe3 a5 25. Rhc1 Nd8 26. Bd2 Nf7 27. Nf3 g5 28.
Rh1 Rc8 29. Qe1 b6 30. Qd1 Qxd1 31. Raxd1 Ba4 32. Rb1 Ka7 33. Nxg5 1/2-1/2